| 000 | 00616pam a2200181 a 4500 | ||
|---|---|---|---|
| 020 | _a0471512427 (alk. paper) | ||
| 082 | 0 | 0 |
_a620.104 _bRIL _cL-5, P-21 |
| 100 | 1 |
_aRiley, William F. _940590 |
|
| 245 | 1 | 0 |
_aEngineering mechanics : _bdynamics / _cWilliam F. Riley, Leroy D. Sturges. |
| 260 |
_aNew York : _bWiley, _cc1993. |
||
| 300 |
_axx, 567 p. : _bill. (some col.) ; _c26 cm. |
||
| 526 |
_a0 _b0 _c0 _d620_104000000000000_RIL |
||
| 650 | 0 |
_aDynamics. _97202 |
|
| 650 | 0 |
_aMCE _9379 |
|
| 700 | 1 |
_aSturges, Leroy D. _940591 |
|
| 856 | 4 | 1 | _uhttp://www.loc.gov/catdir/enhancements/fy0607/92030901-t.html |
| 942 |
_2ddc _cBK |
||
| 999 |
_c544948 _d544948 |
||